Population trends in the united states (Record no. 442792)

000 -LEADER
fixed length control field 00384cam a22001337a 4500
008 - FIXED-LENGTH DATA ELEMENTS--GENERAL INFORMATION
fixed length control field 180718b1975 xxu||||| |||| 00| 0 eng d
082 ## - DEWEY DECIMAL CLASSIFICATION NUMBER
Classification number b12x73 n554/c.2
100 ## - MAIN ENTRY--PERSONAL NAME
Personal name BY howard c. nielson
245 ## - TITLE STATEMENT
Title Population trends in the united states
260 ## - PUBLICATION, DISTRIBUTION, ETC.
Place of publication, distribution, etc. california
Name of publisher, distributor, etc. satnford research institute
Date of publication, distribution, etc. 1975
300 ## - PHYSICAL DESCRIPTION
Extent 57p.
650 ## - SUBJECT ADDED ENTRY--TOPICAL TERM
Topical term or geographic name entry element Population trends
700 ## - ADDED ENTRY--PERSONAL NAME
Personal name nielson c. howard
Holdings
Withdrawn status Lost status Damaged status Not for loan Permanent Location Current Location Date acquired Full call number Barcode Date last seen Price effective from Koha item type
        Indian Institute of Public Administration Indian Institute of Public Administration 2012-06-04 b12x73 n554/c.2 29395 2018-07-21 2018-07-21 Book

Powered by Koha